000 00836nam a2200229Ii 4500
003 JO-AjNU
008 230605s9999||||xx |||||||||||||| ||und||
017 _a2009/5133
020 _a977-308-287-3
040 _aJO-AjNU
_bara
_erda
_cJO-AjNU
041 _aara
050 1 4 _aBP163.R353.2010
100 3 _aرجب، مصطفى,
_eauthor
_961878
245 0 0 _aالعطاء الاسلامي في الحضارة الانسانية
250 _aالطبعة الاولى
264 3 1 _aدسوق: دار العلم والايمان للنشر والتوزيع، 2010
300 _a452ص
_b ويحتوي على قائمة مراجع من ص437-ص452
336 _atext
_btxt
_2rdacontent
337 _aunmediated
_bn
_2rdamedia
338 _avolume
_bnc
_2rdacarrier
650 4 _aالاسلام -الحضارة الاسلامية
_961879
999 _aA27992
_c31560
_d31560